000 00564nam a2200181Ia 4500
005 20250508155446.0
008 008 250505s9999 xx 000 0 eng d
037 _aBooks to be hide in OPAC
040 _aFEDL
_beng
_cFEDL
041 _aeng
_2eng
084 _a373.73, UNI
_qFEDL
100 _aKeesecker Ward W
_945395
245 0 _aLegal and regulatory provisions affecting secondary education
260 _aWashington, USA
_bU.S. Government Printing Office
_c1933
300 _a114p.
942 _cHB
_h373.73, UNI
999 _c1357051
_d1357051